000 00729nam a2200253 u 4500
999 _c200126
_d200126
003 UPN
005 20240228063731.0
008 181122s2004 mx r 000 0 spa d
020 _a9789702907916
035 _aUPN01000228031
040 _aUPN
_bspa
_cUPN
049 _aI
050 4 _aQP37
_bC6.66
245 0 0 _aConozco mi cuerpo /
_cAngélica Arriaga ... [et al.] ; il. Valeria Gallo.
260 _aMéxico :
_bSantillana,
_c2004.
300 _a47 p. :
_bil. col.
440 0 _aYo me cuido
650 4 _aCuerpo humano
_vLiteratura infantil
_912325
650 4 _aENFERMEDADES -
_vLITERATURA INFANTIL
_923417
700 1 _aArriaga, Angélica,
_ecoaut.
905 _aInfantil
942 _2lcc
_cLIBRO